000 00467nam a22001817a 4500
999 _c7447
_d7447
003 OSt
005 20211111120752.0
008 211111b ||||| |||| 00| 0 eng d
020 _a9781615253876
040 _cNLM
082 _aWW355
_bL46a 2013
245 _aLens and Cataract
260 _aSan Francisco
_bAmerican Academy of Ophthalmology
_c2013
300 _axiv,258
_bill;
_c25cm
504 _aincludes index
650 _aOphthalmology
_9338
942 _2ddc
_cBOOK